Venise (Record no. 168087)
[ view plain ]
| 000 -LEADER | |
|---|---|
| campo de control de longitud fija | 00702nam a22001815i 4500 |
| 001 - NÚMERO DE CONTROL | |
| campo de control | 168087 |
| 003 - IDENTIFICADOR DE NÚMERO DE CONTROL | |
| campo de control | ES-MaACL |
| 005 - FECHA Y HORA DE LA ÚLTIMA TRANSACCIÓN | |
| campo de control | 20230906213702.0 |
| 008 - DATOS DE LONGITUD FIJA--INFORMACIÓN GENERAL | |
| campo de control de longitud fija | 981211s1878 fr a |||| | fre d |
| 040 ## - FUENTE DE CATALOGACIÓN | |
| Centro catalogador/agencia de origen | CCPB | B |
| Lengua de catalogación | spa |
| Centro/agencia transcriptor | CCPB | B |
| 100 1# - ENTRADA PRINCIPAL--NOMBRE DE PERSONA | |
| Nombre de persona | Yriarte, Charles ( |
| Fechas asociadas al nombre | 1833-1898) |
| 9 (RLIN) | 133995 |
| 245 10 - MENCIÓN DEL TÍTULO | |
| Título | Venise |
| Resto del título | : histoire, art, industrie, la ville, la vie / |
| Mención de responsabilidad, etc. | par Charles Yriarte. |
| 260 ## - PUBLICACIÓN, DISTRIBUCIÓN, ETC. | |
| Lugar de publicación, distribución, etc. | Paris : |
| Nombre del editor, distribuidor, etc. | J. Rothschild, |
| Fecha de publicación, distribución, etc. | 1878. |
| 300 ## - DESCRIPCIÓN FÍSICA | |
| Extensión | XII, 328 p., [55] h. de lám. grab. : |
| Otras características físicas | il. ; |
| Dimensiones | 40 cm. |
| 500 ## - NOTA GENERAL | |
| Nota general | En port.: Ouvrage orné de 525 gravures dont 50 tirées hors texte et plusiers en couleur. |
| 651 #4 - PUNTO DE ACCESO ADICIONAL DE MATERIA--NOMBRE GEOGRÁFICO | |
| Nombre geográfico | Venecia- |
| Subdivisión general | Historia. |
| 9 (RLIN) | 9515 |
| 852 ## - LOCALIZACIÓN | |
| Ubicación | ES-MaACL |
| Número de control de estantería | C-1061 |
| Nota libre | -- Enc. tela ed. cromolit. |
| Estatus retirado | Estado de pérdida | Estado de daño | No para préstamo | Colección | Biblioteca de origen | Biblioteca actual | Ubicación en estantería | Fecha de adquisición | Fuente de adquisición | Total de préstamos | Signatura topográfica completa | Código de barras | Visto por última vez | Precio de reemplazo | Tipo de ítem Koha |
|---|---|---|---|---|---|---|---|---|---|---|---|---|---|---|---|
| Libros del s. XIX | Biblioteca del Ateneo de Madrid | Biblioteca del Ateneo de Madrid | Sala Palomar | 17/01/2008 | C-1061 | 1176361 | 23/02/2023 | 23/02/2023 | Libro impreso antiguo |
